00631cam a22001812 4500001001100000005001700011008004100028040001500069110006900084245008600153250001300239260002600252300001400278650005000292650004900342650005500391852000300446000002351620151217161203.0130211s xx 000 0 eng d aKABUcKABU2 aInternational Organization for Standardization [ISO]@000018294610a!SO 15189 Medical laboratories :brequirements for quality and competence /cISO. a3rd ed. aGeneva :bISO,c2012. av, 50 p. 0aDiagnosis, LaboratoryxStandards.@0000182951 0aMedical laboratoriesxStandards.@0000182952 0aMedical laboratoriesxQuality control.@00001829531